Сопротивление материалов: учебное пособие

Xehetasun bibliografikoak
Egile nagusia: Романенко С. В. Светлана Валентиновна
Erakunde egilea: Российский государственный университет нефти и газа им. И. М. Губкина (РГУ Нефти и Газа)
Gaia:В издании представлен материал базового курса лекций по дисциплине "Сопротивление материалов", читаемый в течение двух семестров в РГУ нефти и газа (НИУ) им. И. М. Губкина. Рассмотрены основные положения и определения дисциплины, включающие следующие тематики: классификация сил и нагрузок, геометрические характеристики плоских сечений, растяжение-сжатие, кручение, сдвиг, изгиб, прочностные и деформационные расчеты по этим видам нагружения. теория напряженно-деформированного состояния в точке, прочностные расчеты при сложном сопротивлении, безмоментная теория тонко- и толстостенных оболочек, определение перемещений при изгибе, раскрытие статической неопределимости механических систем, вопросы устойчивости сжатых стержней, циклическая прочность, динамическое действие нагрузок, колебания и удар Рассмотрены решения задач по основным разделам курса. Материал соответствует требованиям, изложенным в программе для высшей школы по курсу "Сопротивление материалов" Учебно-метолическое пособие предназначено для студентов всех специальностей, изучающих дисциплину "Сопротивление материалов" на дневных факультетах: инженерной механики; проектирования, сооружения и эксплуатации систем трубопроводного транспорта; разработки нефтяных и газовых месторож-дений; вечернего отделения
Hizkuntza:errusiera
Argitaratua: Москва, Проспект, 2020
Edizioa:2-е изд., перераб. и доп.
Gaiak:
Formatua: Liburua
KOHA link:https://koha.lib.tpu.ru/cgi-bin/koha/opac-detail.pl?biblionumber=343652

MARC

LEADER 00000nam0a2200000 4500
001 343652
005 20231102005600.0
010 |a 9785392200948 
035 |a (RuTPU)RU\TPU\book\374075 
090 |a 343652 
100 |a 20191011d2020 m y0rusy50 ca 
101 0 |a rus 
102 |a RU 
105 |a a j 001zy 
200 1 |a Сопротивление материалов  |e учебное пособие  |f С. В. Романенко  |g Российский государственный университет нефти и газа им. И. М. Губкина (РГУ Нефти и Газа) 
205 |a 2-е изд., перераб. и доп. 
210 |a Москва  |c Проспект  |d 2020 
215 |a 200 с.  |c ил. 
320 |a Библиогр.: с. 199-200 
330 |a В издании представлен материал базового курса лекций по дисциплине "Сопротивление материалов", читаемый в течение двух семестров в РГУ нефти и газа (НИУ) им. И. М. Губкина. Рассмотрены основные положения и определения дисциплины, включающие следующие тематики: классификация сил и нагрузок, геометрические характеристики плоских сечений, растяжение-сжатие, кручение, сдвиг, изгиб, прочностные и деформационные расчеты по этим видам нагружения. теория напряженно-деформированного состояния в точке, прочностные расчеты при сложном сопротивлении, безмоментная теория тонко- и толстостенных оболочек, определение перемещений при изгибе, раскрытие статической неопределимости механических систем, вопросы устойчивости сжатых стержней, циклическая прочность, динамическое действие нагрузок, колебания и удар Рассмотрены решения задач по основным разделам курса. Материал соответствует требованиям, изложенным в программе для высшей школы по курсу "Сопротивление материалов" Учебно-метолическое пособие предназначено для студентов всех специальностей, изучающих дисциплину "Сопротивление материалов" на дневных факультетах: инженерной механики; проектирования, сооружения и эксплуатации систем трубопроводного транспорта; разработки нефтяных и газовых месторож-дений; вечернего отделения 
606 1 |a Сопротивление материалов  |2 stltpush  |3 (RuTPU)RU\TPU\subj\55554  |9 73567 
610 1 |a физика 
610 1 |a твердые тела 
610 1 |a механика 
610 1 |a деформируемые тела 
610 1 |a нагрузки 
610 1 |a силы 
610 1 |a напряжение 
610 1 |a растяжение-сжатие 
610 1 |a механические свойства 
610 1 |a деформационные свойства 
610 1 |a инерция 
610 1 |a расчеты 
610 1 |a геометрические характеристики 
610 1 |a кручение 
610 1 |a тонкостенные оболочки 
610 1 |a стержни 
610 1 |a удар 
610 1 |a сложное сопротивление 
610 1 |a учебные пособия 
675 |a 539.3/.6(075.8)  |v 4 
700 1 |a Романенко  |b С. В.  |g Светлана Валентиновна 
712 0 2 |a Российский государственный университет нефти и газа им. И. М. Губкина (РГУ Нефти и Газа)  |c (Москва)  |c (1998- )  |2 stltpush  |3 (RuTPU)RU\TPU\col\408 
801 1 |a RU  |b 63413507  |c 20191011 
801 2 |a RU  |b 63413507  |c 20191114  |g RCR 
942 |c BK 
959 |a 15/20191011  |d 2  |e 340,00  |f УФ:1  |f ЧЗТЛ:1